Responses for show #110 - Friday, February 8, 1985

Contestants

Ted Brown, a teacher originally from Colorado Springs, Colorado

Pat Gaynor, a college professor from Buena Park, California

Tony Hess, a data processor from Cleveland, Ohio (whose 1-day cash winnings total $8,500)

Jeopardy! Round responses

POLITICS
BASEBALL
ODD JOBS
MOVIES
AUSTRALIA
"CAT" EGORY
    $100 1
Election Day

Tony
    $100 6
(Pat: What is the Eastern division?)
...
(Alex: It's hard to believe, when you think of Atlanta, but it applies in baseball and in football as well, for some reason.)

the Western division

TonyPat
    $100 20
sold flowers (flower girl accepted)

Pat
    $100 13
Star Trek III

Pat
    $100 18
(1 of) kangaroo and emu

Pat
    $100 11
cat people

Tony
    $200 2
Maine

Pat
    $200 7
a midget

Tony
    $200 21
(Tony: Who are the buckaroos?)

wranglers

Tony
Triple Stumper
    $200 14
Risky Business

Ted
    $500 19
(Pat: I should have bet more on Waltzi--What is [*]?)

"Waltzing Matilda"

Pat
    $200 12
(Tony: What is a cat o' nine tails?)

a catapult

TonyPat
    $300 3
a whistle stop

Pat
    $300 8
Don Larsen

Pat
    $300 25
a bailiff

Tony
    $300 22
All of Me

Tony
    $300 24
Tasmanian devil

Pat
    $300 15
a catalyst

Ted
    $400 4
(Tony: Who are the Republicans?)

the Democrats

TonyPat
    $400 9
Fenway Park

Tony
    $400 26
(Tony: What is the voice of Bugs Bunny?)

cartoonists (or animators)

TonyTed
    $400 23
Amadeus

Pat
    $400 16
(Tony: What is a cat on a hot tin roof?)
...
(Alex: [*]. That was her nickname.)

Maggie the Cat

Tony
Triple Stumper
    $500 5
Harry S. Truman

Pat
    $500 10
(Alex: He also won the World Series with teams in both leagues.)

Sparky Anderson

Tony
    $500 17
(Alex: ...We thought that was kind of cute.)
(Pat: I'm glad you did.)
[Laughter]
(Pat: I'm sorry. I shouldn't have said that.)
(Alex: I love it. I love it. Go again. See, you can think on your feet!)
(Pat: Maybe I better head off to AUSTRALIA for $100.)

a CAT scan

Pat

Scores at the first commercial break (after clue 14):

Tony Pat Ted
$800 $1,900 $200

Scores at the end of the Jeopardy! Round:

Tony Pat Ted
$400 $3,800 $900

Double Jeopardy! Round responses

LITERATURE
LAKES & RIVERS
STARTS WITH "A"
CHEMISTRY
ARCHITECTURE
GEMS
    $200 2
mice and men

Pat
    $200 1
(Ted: What is the Havasu River?)

Lake Havasu

PatTed
    $200 12
the ankle

Ted
    $200 8
calcium

Ted
    $200 23
minaret

Ted
    $400 3
Paradise Lost

Tony
    $400 4
the Po River

Tony
    $400 16
an aileron

Ted
    $400 25
the Watts towers

Pat
    $600 9
(Tony: [No response])

Remembrance of Things Past

TonyPat
    $600 5
Lake Louise

Tony
    $600 15
(Ted: What is addition?)

aftermath

Ted
Triple Stumper
    $600 24
Gothic

Ted
    $800 10
(Ted: Who is Agee?)

Ernest Hemingway

PatTed
    $1,000 6
(Tony: What is the Rhone?)

the Elbe

Tony
    $800 14
adamant

Ted
    $800 22
(Tony: What is polandium?)

polonium

TonyPat
    $800 17
Frank Lloyd Wright

Ted
    $800 20
pearls

Triple Stumper
    $1,000 11
(Alex: He called his lady my little Portuguese.)

English

Pat
    $1000 7
Uganda

Triple Stumper
    $1000 13
angst

Ted
    $1000 21
tungsten

Tony
    $1000 18
(2 of) Ionian, Doric, and Corinthian

Ted
    $1000 19
(Alex: It was contained in the clue.)

lapis lazuli

Triple Stumper

Scores at the end of the Double Jeopardy! Round:

Tony Pat Ted
$400 $7,800 $4,500

[wagering suggestions for these scores]

Final Jeopardy! Round responses

THE ZODIAC
(Alex: [Chuckling] All right. They're shaking their heads.)
(Alex: When we said appropriately, they're both members of the royal family, and the royal sign is [*]. They were both born in August.)
TonyWhat is Sagitarius?
$397
TedWhat is Gemini?
$3,699
PatWhat is Gemini
$1,300
Leo

Final scores:

Tony Pat Ted
$3 $6,500 $801
3rd place: luggage New champion: $6,500 2nd place: bedroom furniture and linens

Game dynamics:

Coryat scores:

Tony Pat Ted
$1,400 $7,500 $4,500
12 R,
8 W
(including 1 DD)
20 R
(including 2 DDs),
1 W
12 R,
3 W

Combined Coryat: $13,400

The J! Archive is created by fans, for fans. The Jeopardy! game show and all elements thereof, including but not limited to copyright and trademark thereto, are the property of Jeopardy Productions, Inc. and are protected under law. This website is not affiliated with, sponsored by, or operated by Jeopardy Productions, Inc. Join the discussion at JBoard.tv.